00740nam a2200193 a 450000100100000000500170001000800410002702000150006804000250008310000380010824501140014626000440026030000200030449000420032483000490036604900090041595201050042499900170052900002905220200930055312.0110413s1993 dr 000 0 spa d a8492389370 aDO-SdBNPbspacBNPHU1 aVillamán Pérez, Marcos95344710aAmérica Latina :bmodernidad y culturas populares, desafíos y posibilidades /cMarcos Villamán Pérez. aSanto Domingo :bCentro Proveda,c1993. a19 p. ;c28 cm.1 aCuaderno de sociedad y educaciónv2 0aCuaderno de sociedad y educaciónv2936699 aBNPD 0010718PDaPDbPDcCTd2011-04-13iLF1l0o p29052-10r2020-06-25w2020-06-25yLFPDZNo se presta c28544d28544